Public Private Partnership in Infrastructure: (Record no. 201170)

MARC details
000 -LEADER
fixed length control field 00716nam a22002177a 4500
005 - DATE AND TIME OF LATEST TRANSACTION
control field 20240229171619.0
010 ## - LCCN (DPL NO)
LC control number ENG-139471
020 ## - INTERNATIONAL STANDARD BOOK NUMBER
International Standard Book Number 9788170947967
Terms of availability 995.00
035 ## - SYSTEM CONTROL NUMBER
System control number EN-123003
037 ## - SOURCE OF ACQUISITION
Source of stock number/acquisition DBAD/PUB
082 ## - DEWEY DECIMAL CLASSIFICATION NUMBER
Classification number 338.49
Edition number 1
100 ## - MAIN ENTRY--PERSONAL NAME
Personal name Joshi, R.N
245 ## - TITLE STATEMENT
Title Public Private Partnership in Infrastructure:
Statement of responsibility, etc By R.N Joshi and Forworded By E Sreedharan
Remainder of title Perspective Principles Practices/
250 ## - EDITION STATEMENT
Edition statement 1
260 ## - PUBLICATION, DISTRIBUTION, ETC. (IMPRINT)
Place of publication, distribution, etc New Delhi
Name of publisher, distributor, etc Vision Books
Date of publication, distribution, etc 2010
270 ## - ADDRESS
Address 24 Feroze Gandhi Road, Lajpat Nagar 3,
City New Delhi
Postal code 110024
300 ## - PHYSICAL DESCRIPTION
Extent 540p.
Dimensions 25cm(Hb)
500 ## - GENERAL NOTE
General note Includes index
700 ## - ADDED ENTRY--PERSONAL NAME
Personal name Sreedharan, E
9 (RLIN) 2518
Relator term Forworded
942 ## - ADDED ENTRY ELEMENTS (KOHA)
Source of classification or shelving scheme Dewey Decimal Classification
Item type English Books
Classification part 338.49
Call number suffix JOS
Holdings
Withdrawn status Lost status Not for loan Collection code Home library Current library Date acquired Source of acquisition Cost, normal purchase price Full call number Barcode Copy number Cost, replacement price Koha item type
      Non-fiction Peshwa Road Peshwa Road 29/02/2024 DBAD/PUB 995.00 338.49 JOS EN-123003 1 995.00 English Books

© Delhi Public Library
Hit Counter
free hit counter